| 000 | 00960cas a2200277 i 4500 | ||
|---|---|---|---|
| 999 |
_c1419 _d1419 |
||
| 001 | 20490659 | ||
| 003 | CoMeUDC | ||
| 005 | 20210819145637.0 | ||
| 008 | 180510c20129999ag ar p 0 0spa | ||
| 010 | _a 2018213533 | ||
| 020 | _a9789871938452 | ||
| 035 | _a(OCoLC)on1035213932 | ||
| 040 |
_aDLC _erda _cCO-UdeC _dDLC _dOCLCO _dOCLCF _dOCLCA |
||
| 082 |
_a346.082 _bB271 |
||
| 100 |
_91809 _aBarreira Delfino, Eduardo _eDirector |
||
| 245 | 0 | 0 |
_aAnuario de la Revista de Derecho Bancario y Financiero / _cDirector, Eduardo Barreira Delfino. |
| 264 |
_aBuenos Aires : _bIJ Editores, _c2014. |
||
| 300 |
_a382 p. : _c23 cm |
||
| 588 | _aDescription based on: Tomo 1 (Año 2012); titl from title page. | ||
| 588 | _aLatest issue consulted: Tomo 5 (2016). | ||
| 650 | 0 |
_aInstituciones financieras _91810 |
|
| 650 | 0 |
_aDerecho financiero _91811 |
|
| 650 | 0 |
_aDerecho bancario. _91040 |
|
| 655 | 7 |
_aPeriodicals. _2fast _0(OCoLC)fst01411641 |
|
| 942 |
_2ddc _cBK |
||